Florencia insólita y secreta /

Furkejuvvon:
Bibliográfalaš dieđut
Váldodahkki: Rinaldi, Niccolò (autor)
Eará dahkkit: Grifi, Waris (fotógrafo) (fotógrafo)
Materiálatiipa: Girji
Giella:espánnjágiella
Almmustuhtton: París, Francia : Jonglez, 2012, c2012
Fáttát:
Fáddágilkorat: Lasit fáddágilkoriid
Eai fáddágilkorat, Lasit vuosttaš fáddágilkora!

MARC

LEADER 00000nam^a2200000^a^4500
001 000573904
005 20250521000000.0
009 20260310132337.281
020 |a 978-2-36195-004-0 
037 |a Acervo ITESO - Biblioteca 
041 |a ESP 
082 |a 914. 504  |b RIN 
100 |a Rinaldi, Niccolò  |e (autor) 
245 1 0 |a Florencia insólita y secreta /  |c N. Rinaldi ; fotógrafo W. Grifi. 
264 4 |a París, Francia :  |b Jonglez,  |c 2012, c2012 
300 |a 349 p. 
336 |a texto  |b txt  |2 rdacontenido 
337 |a sin mediación  |b n  |2 rdamedio 
338 |a volumen  |b nc  |2 rdasoporte 
521 |a FIL 2023 DIA 
649 |a XX 
650 |a Guías Turísticas 
650 |a Turismo -  |z Florencia, Italia 
650 |a Arte Renacentista -  |z Florencia, Italia -  |x Historia y Crítica 
650 |a Florencia, Italia -  |x Descripción -  |x Guías Turísticas -  |x Tema Principal 
650 |a Italia -  |x Descripción -  |x Guías Turísticas 
700 |a Grifi, Waris  |e (fotógrafo) 
910 |a Fondo General 
920 |a Impresos - Libros 
930 |a Obras de Referencia 
905 |a 102 
901 |a 0500403154  |b IT2  |c REF  |i C184139  |u 20250521 
902 |a https://opac.biblio.iteso.mx/vufind/Record/000573904